Statystyki dla Największe aglomeracje w Hiszpanii

Kliknij tutaj aby rozwiązać quiz!

Ogólne statystyki

  • Ten quiz został rozwiązany 113 razy
    (96 od ostatniego zresetowania)
  • Średni wynik to 10 z 20

Statystyki odpowiedzi

MiejsceMieszkańcyNazwa% Poprawnych
2.5 108 383Aglomeracja Barcelońska
100%
1.6 120 254Aglomeracja Madrycka
100%
4.1 307 209Aglomeracja Sewilska
91%
3.1 552 783Aglomeracja Walencyjska
85%
6.901 557Aglomeracja Bilbao
81%
5.974 822Aglomeracja Málagijska
61%
8.744 862Aglomeracja Saragoska
56%
9.700 259Aglomeracja Alicante-Elche
42%
10.655 667Aglomeracja Murcyjska
42%
15.526 982Aglomeracja Grenadzka
41%
13.552 649Aglomeracja Palmijska
40%
18.409 170Aglomeracja San Sebastián
38%
11.638 877Zatoka Kadyks-Jerez
36%
12.585 187Aglomeracja Vigo-Pontevedra
35%
14.536 946Aglomeracja Las Palmas de Gran Canaria
28%
7.804 142Asturia
27%
17.413 911Aglomeracja A Coruña
26%
19.404 305Aglomeracja Valladolid
21%
20.381 505Aglomeracja Tarragona-Reus
13%
16.440 562Aglomeracja Santa Cruz de Tenerife
12%

Rozkład punktacji

Percentyl według liczby udzielonych odpowiedzi

Procent ludzi z każdym wynikiem

Twoja historia wyników

Nie rozwiązałeś tego quizu od ostatniego zresetowania